| 000 | 00709nam a2200193 a 4500 | ||
|---|---|---|---|
| 001 | 000045821 | ||
| 005 | 20240307073949.0 | ||
| 008 | 150515s1991 dr 000 0 spa d | ||
| 040 |
_aDO-SdBNP _bspa _cBNPHU |
||
| 082 |
_axxxx _bxxxx |
||
| 110 | 1 |
_aUniversidad Autónoma de Santo Domingo _972951 |
|
| 245 | 1 | 0 |
_aLibro de graduandos : _binvestidura especial 30 de agosto de 1991. |
| 260 |
_aSanto Domingo : _bUniversitaria-UASD, _c1991. |
||
| 300 |
_a36 p. ; _c21 cm. |
||
| 490 | 1 |
_aPublicaciones de la Universidad Autónoma de Santo Domingo _v658 |
|
| 490 | 1 |
_aActos académicos _v5 |
|
| 830 | 0 |
_aPublicaciones de la Universidad Autónoma de Santo Domingo. _n658 _973896 |
|
| 830 | 0 |
_aActos académicos. _n5 _973897 |
|
| 999 |
_c45310 _d45310 |
||